书目信息 |
| 题名: |
宏观经济学
|
|
| 作者: | 多恩布施 , 施塔茨 , 费希尔 , 鲁迪格·多恩布什 著 ;王志伟 译校 | |
| 分册: | ||
| 出版信息: | 北京 中国人民大学出版社 2010.12 |
|
| 页数: | 528页 | |
| 开本: | 26cm | |
| 丛书名: | 经济科学译丛 | |
| 单 册: | ||
| 中图分类: | F015 | |
| 科图分类: | ||
| 主题词: | 宏观经济学--hong guan jing ji xue | |
| 电子资源: | ||
| ISBN: | 978-7-300-11528-3 | |
| 000 | 01598nam 2200361 450 | |
| 001 | CAL 012010042580 | |
| 005 | 20110901091128.76 | |
| 010 | @a978-7-300-11528-3@dCNY60.00 | |
| 100 | @a20100315d2010 em y0chiy0121 ea | |
| 101 | 1 | @achi@ceng |
| 102 | @aCN@b110000 | |
| 105 | @aak z 000yy | |
| 106 | @ar | |
| 200 | 1 | @a宏观经济学@Ahong guan jing ji xue@f鲁迪格·多恩布什, 斯坦利·费希尔, 理查德·斯塔兹著@Flu di ge·duo en bu shen,si tan li·fei xi er,li cha de·si ta zi zhu@d= Macroeconomics@fRudiger Dornbusch, Stanley Fischer, Richard Startz@g王志伟译校@zeng |
| 210 | @a北京@c中国人民大学出版社@d2010.12 | |
| 215 | @a528页@c图@d26cm | |
| 225 | 2 | @a经济科学译丛@Ajing ji ke xue yi cong |
| 305 | @a据The McGraw-Hill Companies, Inc.2008年英文版第10版译出 | |
| 306 | @a由中国人民大学出版社和美国麦格劳-希尔教育(亚洲)出版公司合作出版 | |
| 314 | @a责任者Dornbusch、Fischer和Startz规范汉译姓: 多恩布施, 费希尔, 施塔茨 | |
| 330 | @a该教材内容全面,结构合理,理论联系实际,难度适中,融合了经济领域的学术共识,并客观地表述和评价了各家各派的观点,是一本易于理解并且非常灵活的经济学教材。 | |
| 410 | 0 | @12001 @a经济科学译丛 |
| 500 | 10 | @aMacroeconomics@mChinese |
| 586 | @a | |
| 606 | 0 | @a宏观经济学@Ahong guan jing ji xue |
| 690 | @aF015@v5 | |
| 701 | 1 | @a多恩布施@Aduo en bu shi@g(Dornbusch, Rudiger)@4著 |
| 701 | 1 | @a施塔茨@Ashi ta ci@g(Startz, Richard)@4著 |
| 701 | 1 | @a费希尔@Afei xi er@g(Fischer, Stanley)@4著 |
| 701 | 0 | @a鲁迪格·多恩布什@Alu di ge·duo en bu shen@4著 |
| 702 | 0 | @a王志伟@Awang zhi wei@4译校 |
| 801 | 0 | @aCN@c20110610 |
| 905 | @dF015@eD9701@f3 | |
| 宏观经济学/鲁迪格·多恩布什, 斯坦利·费希尔, 理查德·斯塔兹著= Macroeconomics/Rudiger Dornbusch, Stanley Fischer, Richard Startz/王志伟译校.-北京:中国人民大学出版社,2010.12 |
| 528页:图;26cm.-(经济科学译丛) |
| ISBN 978-7-300-11528-3:CNY60.00 |
| 该教材内容全面,结构合理,理论联系实际,难度适中,融合了经济领域的学术共识,并客观地表述和评价了各家各派的观点,是一本易于理解并且非常灵活的经济学教材。 |
| ● |
| 相关链接 |
|
|
|
正题名:宏观经济学
索取号:F015/D9701
 
预约/预借
| 序号 | 登录号 | 条形码 | 馆藏地/架位号 | 状态 | 备注 |
| 1 | 1014781 | 210147811 | 社科库409/409社科库 62排3列5层/ [索取号:F015/D9701] | 在馆 | |
| 2 | 1014782 | 210147820 | 社科二线422/409社科库 62排4列1层/ [索取号:F015/D9701] | 在馆 | |
| 3 | 1014783 | 210147839 | 社科库409/400B社科库 3排4列5层/ [索取号:F015/D9701] | 在馆 |